| 000 -LEADER | |
|---|---|
| fixed length control field | 00393nam a22001457a 4500 |
| 005 - DATE AND TIME OF LATEST TRANSACTION | |
| control field | 20170726152609.0 |
| 008 - FIXED-LENGTH DATA ELEMENTS--GENERAL INFORMATION | |
| fixed length control field | 170726b xxu||||| |||| 00| 0 eng d |
| 020 ## - INTERNATIONAL STANDARD BOOK NUMBER | |
| ISBN | 978-93-85000-90-4 |
| 041 ## - LANGUAGE CODE | |
| Language code of text/sound track or separate title | eng |
| 100 ## - MAIN ENTRY--AUTHOR NAME | |
| Personal name | ARORA, V P S & ISAAC, K P AND OTHERS |
| 245 ## - TITLE STATEMENT | |
| Title | RESEARCH METHODOLOGY FOR FACULTY |
| 260 ## - PUBLICATION, DISTRIBUTION, ETC. (IMPRINT) | |
| Place of publication | NEW DELHI |
| Name of publisher | CEGR, BHARTI PUBLICATION |
| 300 ## - PHYSICAL DESCRIPTION | |
| Number of Pages | 271p. |
| 942 ## - ADDED ENTRY ELEMENTS (KOHA) | |
| Koha item type | Books |
| Lost status | Damaged status | Collection code | Home library | Current library | Shelving location | Date acquired | Source of acquisition | Cost, normal purchase price | Full call number | Accession Number | Koha item type |
|---|---|---|---|---|---|---|---|---|---|---|---|
| LIFE SKILL | JRU Library | JRU Library | 26/07/2017 | PURCHESS | 685.00 | 001.42 | 21832 | Books | |||
| JRU Library | SHELF-6-D | 26/07/2017 | PURCHESS | 685.00 | 001.42 | 21833 | Books |